00299nam a2200085 4500008004100000040005500041245003700096260006300133300001700196240726b |||||||| |||| 00| 0 eng d aNational Science LibrarycNational Science Library aPublicatiile periodice Romanesti aRomania: bEditura Academiei Republicii Socialiste, c1969 axxiii, 867p.